| 000 | 01127nam a2200253Ia 4500 | ||
|---|---|---|---|
| 003 | Ost | ||
| 005 | 20260507075402.0 | ||
| 008 | 260507s9999||||xx |||||||||||||| ||und|| | ||
| 020 | _a417208995797 | ||
| 040 | _cfsecg | ||
| 041 | _aara | ||
| 082 | _a600 | ||
| 100 |
_aكورتل، فريد _eمؤلف |
||
| 245 | 0 |
_aنظم المعلومات المحاسبية واتخاذ القرارات / _c فريد كورتل |
|
| 260 |
_aعمان: _bزمزم ناشرون وموزعون, _c2015 |
||
| 300 |
_a157 صفحة؛ _bإيضاحات ؛ _c25 سم |
||
| 520 | _aعموميات حول نظم المعلومات، التشغيل المحاسبي لنظام المعلومات المحاسبية، دور نظم المعلومات المحاسبية في تدعيم عملية اتخاذ القرارات | ||
| 653 | _aإتخاذ القرارات- الإدارة | ||
| 653 | _aالمحاسبة الإدارية | ||
| 653 | _aنظم المعلومات الإدارية | ||
| 653 | _aنظم المعلومات- المؤسسة الممتدة | ||
| 700 |
_aالخطيب، خالد _eمؤلف ثانوي |
||
| 942 | _cكتاب | ||
| 999 |
_c44279 _d44279 |
||